000 00305nam a2200133 a 4500
005 20140414093835.0
008 030610s19uu xx 00 eng d
050 _aCDR 909
_bIMP 1995
245 _aImperialism.
650 _aWorld history.
650 _aImperialism.
942 _cAVM
999 _c108956
_d108956